20 największych Państw na świecie z mapą - Statystyki

Ogólne statystyki
  • Ten quiz został rozwiązany 70 razy
    53 od ostatniego zresetowania
  • Średni wynik to 18 z 20
Odpowiedzi na mapie
Odpowiedzi zakodowano w zielono-czerwonej skali na mapie do tego quizu, zgodnie z poniższymi procentami.
 
Statystyki odpowiedzi
Wielkość Odpowiedź % Poprawnych
2 780 400 km² Argentyna
100%
8 515 767 km² Brazylia
100%
9 536 935 km² Stany Zjednoczone
100%
7 682 905 km² Australia
96%
9 596 960 km² Chiny
96%
17 098 242 km² Rosja
96%
2 344 858 km² Demokratyczna Republika Konga
93%
3 287 263 km² Indie
93%
9 984 670 km² Kanada
93%
2 724 900 km² Kazachstan
93%
1 964 375 km² Meksyk
93%
2 149 690 km² Arabia Saudyjska
89%
1 564 116 km² Mongolia
89%
2 381 741 km² Algieria
86%
1 759 540 km² Libia
86%
1 648 195 km² Iran
79%
1 285 216 km² Peru
79%
1 904 569 km² Indonezja
75%
2 210 573 km² Dania
71%
1 861 484 km² Sudan
71%
Nie znaleziono quizów pasujących do podanych kryteriów
Rozkład punktacji
Procent ludzi z każdym wynikiem
Percentyl według liczby udzielonych odpowiedzi
Twoja historia wyników
Nie rozwiązałeś tego quizu od ostatniego zresetowania